| 000 | 00368nam a22001457a 4500 | ||
|---|---|---|---|
| 003 | OSt | ||
| 005 | 20140311163159.0 | ||
| 008 | 140227t xxu||||| |||| 00| 0 eng d | ||
| 050 |
_aD 21 _b.W927 2012 |
||
| 245 | _aMy World History / | ||
| 260 |
_aBoston, Mass. : _bPearson, _c2012. |
||
| 300 |
_a1083 p. : _bcol. ill. ; _c28 cm. |
||
| 942 |
_2lcc _cBK-TR |
||
| 999 |
_c42467 _d42467 |
||